| 000 | 00526nam a2200193Ia 4500 | ||
|---|---|---|---|
| 005 | 20250326141614.0 | ||
| 008 | 250326s9999 xx 000 0 und d | ||
| 020 | _a81-7141-149-5 | ||
| 037 | _aTextbook | ||
| 040 |
_aFMSL _beng _cFMSL |
||
| 041 |
_aeng _2eng |
||
| 084 |
_aSNIobX:8 N1 _qFMSL |
||
| 100 |
_aSRILATHA _989212 |
||
| 245 | 0 |
_aOrganisational Stress _cSRILATHA |
|
| 260 |
_aNew Delhi _bNew Delhi, Discovery _c1991 |
||
| 300 | _aviii,283 | ||
| 942 |
_cTB _hSNIobX:8 N1 |
||
| 999 |
_c1291112 _d1291112 |
||